000 00815nam a22002417a 4500
999 _c20666
_d20666
003 AR-CdUCM
008 190603b ||||| |||| 00| 0 spa d
040 _aMUNICIPALIDAD PROVINCIAL DEL CUSCO
_cBIBLIOTECA MUNICIPAL DEL CUSCO
041 _heng
082 _a818.5 /
_bP78
100 _aPorter, Katherine Anne
_943205
245 _aA tal caballo, Tal jinete /
260 _aBuenos Aires :
_bPlaza & Janes,
_c1964.
300 _a204 páginas ;
_c18 cm.
500 _a[libro reempastado]
505 _aContenido: A tal caballo, Tal jinete -- Antigua condición mortal -- El vino de mediodía..
650 _aA tal caballo
_943206
650 _aTal jinete
_943207
650 _aEl vino de mediodía
_943208
700 _aManuel Belaguer, María (traducción)
_943209
942 _2ddc
_cLIBROS
945 _aAndy